[Event "WYCC U16 Girls 2019"]
[Site "Mumbai"]
[Date "2019.10.03"]
[Round "3.11"]
[White "Jain Nityata"]
[Black "Achaya Vijayan"]
[Result "1-0"]
[WhiteElo "2029"]
[BlackElo "1585"]
[Annotator "NA"]
[PlyCount "59"]
[EventDate "2019.10.02"]
[EventType "swiss"]
[EventCountry "IND"]
[SourceTitle "playchess.com"]
[Source "ChessBase"]
[SourceQuality "1"]
[WhiteTeam "India"]
[BlackTeam "India"]
[WhiteTeamCountry "IND"]
[BlackTeamCountry "IND"]
[TimeControl "40/5400+30:1800+30"]

1. c4 e5 2. Nc3 Nf6 3. Nf3 Nc6 4. e3 Bb4 5. Qc2 O-O 6. Nd5 Bc5 7. a3 a5 8. Ng5 g6 9. Nxf6+ Qxf6 10. Ne4 Qe7 11. Nxc5 Qxc5 12. b3 b6 13. Bb2 d5 14. Rc1 Bb7 15. Be2 d4 16. Bf3 Rfe8 17. O-O Rad8 18. Bd5 Ba6 19. Qe4 Nb8 20. exd4 exd4 21. Qf4 Rd7 22. Bxd4 Qd6 23. Qh6 Qf8 24. Qg5 Qd6 25. Rce1 Red8 26. Be5 Qe7 27. Bf6 Qd6 28. Bxd8 Rxd8 29. Qe7 Kg7 30. Qxf7+ 1-0

[Event "WYCC U16 Girls 2019"]
[Site "Mumbai"]
[Date "2019.10.03"]
[Round "3.12"]
[White "Djidjeli, Sarah"]
[Black "Upase Riddhi"]
[Result "1/2-1/2"]
[WhiteElo "2017"]
[BlackElo "1343"]
[Annotator "NA"]
[PlyCount "202"]
[EventDate "2019.10.02"]
[EventType "swiss"]
[EventCountry "IND"]
[SourceTitle "playchess.com"]
[Source "ChessBase"]
[SourceQuality "1"]
[WhiteTeam "France"]
[BlackTeam "India"]
[WhiteTeamCountry "FRA"]
[BlackTeamCountry "IND"]
[TimeControl "40/5400+30:1800+30"]

1. d4 {[%emt 0:00:00]} Nf6 {[%emt 0:00:00]} 2. c4 {[%emt 0:00:00]} e6 {[%emt 0:00:00]} 3. Nf3 {[%emt 0:00:56]} d5 {[%emt 0:00:00]} 4. g3 {[%emt 0:00:04]} c6 {[%emt 0:00:12]} 5. Bg2 {[%emt 0:01:24]} Nbd7 {[%emt 0:03:26]} 6. O-O {[%emt 0:04:10]} Bd6 {[%emt 0:01:30]} 7. Qc2 {[%emt 0:01:00]} O-O {[%emt 0:04:17]} 8. Nbd2 {[%emt 0:02:35]} b6 {[%emt 0:01:29]} 9. e4 {[%emt 0:10:08]} dxe4 {[%emt 0:01:55]} 10. Ng5 {[%emt 0:07:19]} Be7 {[%emt 0:03:51]} 11. Ngxe4 {[%emt 0:05:54]} Bb7 {[%emt 0:00:17]} 12. b3 {[%emt 0:04:04]} Qc7 {[%emt 0:01:17]} 13. Bb2 {[%emt 0:08:20]} Rfd8 {[%emt 0:07:52]} 14. Rad1 {[%emt 0:03:24]} Rac8 {[%emt 0:05:45]} 15. Rfe1 {[%emt 0:01:26]} Ba8 {[%emt 0:02:11]} 16. a3 {[%emt 0:09:01]} a5 {[%emt 0:01:11]} 17. c5 {[%emt 0:08:22]} b5 {[%emt 0:02:17]} 18. Nf3 {[%emt 0:03:58]} Nd5 {[%emt 0:04:55]} 19. Neg5 {[%emt 0:01:53]} Nf8 {[%emt 0:03:08]} 20. Bh3 {[%emt 0:05:22]} Bf6 {[%emt 0:15:00]} 21. Ne4 {[%emt 0:01:07]} Be7 {[%emt 0:00:59]} 22. Qe2 {[%emt 0:00:47]} Re8 {[%emt 0:04:02]} 23. Ne5 {[%emt 0:01:49]} f5 {[%emt 0:04:19]} 24. Nc3 {[%emt 0:04:05]} Nxc3 {[%emt 0:01:04]} 25. Bxc3 {[%emt 0:00:05]} Bb7 {[%emt 0:01:47]} 26. Qf3 {[%emt 0:03:51]} Bf6 {[%emt 0:02:09]} 27. Bd2 {[%emt 0:03:52]} Ng6 {[%emt 0:05:23]} 28. Bf4 {[%emt 0:03:22]} Nxf4 {[%emt 0:02:24]} 29. Qxf4 {[%emt 0:00:18]} Rcd8 {[%emt 0:02:03]} 30. Bg2 {[%emt 0:00:34]} Re7 {[%emt 0:04:42]} 31. Qd2 {[%emt 0:02:05]} Bxe5 {[%emt 0:04:31]} 32. Rxe5 {[%emt 0:00:05]} Bc8 {[%emt 0:01:16]} 33. Qe3 {[%emt 0:00:44]} Rde8 {[%emt 0:01:05]} 34. f4 {[%emt 0:01:15]} Kf8 {[%emt 0:02:12]} 35. Re1 {[%emt 0:00:34]} Qd7 {[%emt 0:01:24]} 36. Bf3 {[%emt 0:00:36]} Ba6 {[%emt 0:02:23]} 37. Qc3 {[%emt 0:01:00]} Bb7 {[%emt 0:03:16]} 38. Rd1 {[%emt 0:00:48]} Qc7 {[%emt 0:00:10]} 39. Qe1 {[%emt 0:00:28]} Bc8 {[%emt 0:01:07]} 40. Qe2 {[%emt 0:01:09]} Bd7 {[%emt 0:00:34]} 41. Qg2 {[%emt 0:31:16]} Rd8 {[%emt 0:32:05]} 42. Qh3 {[%emt 0:00:00]} Kg8 {[%emt 0:00:00]} 43. Kf2 {[%emt 0:00:00]} Rf8 {[%emt 0:00:00]} 44. Qf1 {[%emt 0:00:00]} Ref7 {[%emt 0:00:00]} 45. Qe1 {[%emt 0:00:00]} Rf6 {[%emt 0:00:00]} 46. Ra1 {[%emt 0:00:00]} Rb8 {[%emt 0:00:00]} 47. b4 {[%emt 0:00:00]} a4 {[%emt 0:00:00]} 48. Rd1 {[%emt 0:00:00]} Rd8 {[%emt 0:00:00]} 49. Qh1 {[%emt 0:00:00]} Qc8 {[%emt 0:00:00]} 50. Rd2 {[%emt 0:00:00]} Be8 {[%emt 0:00:00]} 51. Qe1 {[%emt 0:00:00]} Bf7 {[%emt 0:00:00]} 52. Ke3 {[%emt 0:00:00]} Qd7 {[%emt 0:00:00]} 53. Qh1 {[%emt 0:00:00]} Be8 {[%emt 0:00:00]} 54. Bd1 {[%emt 0:00:00]} Rh6 {[%emt 0:00:00]} 55. Bc2 {[%emt 0:00:00]} Qf7 {[%emt 0:00:00]} 56. Bb1 {[%emt 0:00:00]} Bd7 {[%emt 0:00:00]} 57. Ba2 {[%emt 0:00:00]} Rf6 {[%emt 0:00:00]} 58. Kd3 {[%emt 0:00:00]} Re8 {[%emt 0:00:00]} 59. Kc3 {[%emt 0:00:00]} Qf8 {[%emt 0:00:00]} 60. Rde2 {[%emt 0:00:00]} Qf7 {[%emt 0:00:00]} 61. Qe1 {[%emt 0:00:00]} Kf8 {[%emt 0:00:00]} 62. Qf1 {[%emt 0:00:31]} Qh5 {[%emt 0:00:00]} 63. Qg2 {[%emt 0:01:53]} g5 {[%emt 0:00:00]} 64. g4 {[%emt 0:05:54]} Qxg4 {[%emt 0:00:00]} 65. Qxg4 {[%emt 0:00:05]} fxg4 {[%emt 0:00:00]} 66. fxg5 {[%emt 0:00:19]} Rf3+ {[%emt 0:00:00]} 67. Kb2 {[%emt 0:00:03]} Kf7 {[%emt 0:01:47]} 68. R5e4 {[%emt 0:00:16]} g3 {[%emt 0:02:34]} 69. Rh4 {[%emt 0:02:36]} Kg8 {[%emt 0:00:30]} 70. hxg3 {[%emt 0:01:31]} Rxg3 {[%emt 0:00:02]} 71. Reh2 {[%emt 0:00:30]} Rxg5 {[%emt 0:02:19]} 72. Rxh7 {[%emt 0:00:03]} Rg2+ {[%emt 0:00:01]} 73. Rxg2+ {[%emt 0:00:10]} Kxh7 {[%emt 0:00:01]} 74. Bb1+ {[%emt 0:00:19]} Kh8 {[%emt 0:01:05]} 75. Rh2+ {[%emt 0:01:45]} Kg8 {[%emt 0:00:02]} 76. Rh7 {[%emt 0:00:05]} Rd8 {[%emt 0:00:30]} 77. Kc3 {[%emt 0:00:13]} Kf8 {[%emt 0:01:33]} 78. Ba2 {[%emt 0:01:01]} e5 {[%emt 0:03:28]} 79. Rf7+ {[%emt 0:00:49]} Ke8 {[%emt 0:00:33]} 80. dxe5 {[%emt 0:00:06]} Bh3 {[%emt 0:02:43]} 81. Rf6 {[%emt 0:00:20]} Bg2 {[%emt 0:01:10]} 82. Rd6 {[%emt 0:01:14]} Ke7 {[%emt 0:02:09]} 83. Kd4 {[%emt 0:00:38]} Rh8 {[%emt 0:00:13]} 84. e6 {[%emt 0:01:21]} Rh4+ {[%emt 0:00:34]} 85. Kc3 {[%emt 0:00:40]} Be4 {[%emt 0:00:45]} 86. Rd7+ {[%emt 0:00:29]} Ke8 {[%emt 0:00:01]} 87. Rd2 {[%emt 0:00:35]} Bf5 {[%emt 0:00:55]} 88. Rf2 {[%emt 0:00:29]} Bh7 {[%emt 0:00:39]} 89. Kb2 {[%emt 0:00:44]} Be4 {[%emt 0:00:37]} 90. Bb1 {[%emt 0:00:35]} Bxb1 {[%emt 0:00:31]} 91. Kxb1 {[%emt 0:00:01]} Re4 {[%emt 0:00:09]} 92. Kc2 {[%emt 0:00:30]} Re3 {[%emt 0:00:54]} 93. Kb2 {[%emt 0:00:32]} Ke7 {[%emt 0:00:20]} 94. Rd2 {[%emt 0:00:09]} Rxe6 {[%emt 0:00:17]} 95. Kc3 {[%emt 0:00:53]} Re3+ {[%emt 0:00:18]} 96. Rd3 {[%emt 0:00:03]} Re4 {[%emt 0:00:26]} 97. Rd6 {[%emt 0:00:22]} Re3+ {[%emt 0:01:10]} 98. Rd3 {[%emt 0:00:22]} Re4 {[%emt 0:00:21]} 99. Rd6 {[%emt 0:00:04]} Re6 {[%emt 0:00:05]} 100. Rxe6+ {[%emt 0:00:53]} Kxe6 {[%emt 0:00:01]} 101. Kd4 {[%emt 0:00:05]} Kf5 {[%emt 0:00:03] Ke4+ Ke5+} 1/2-1/2

[Event "WYCC U16 Girls 2019"]
[Site "Mumbai"]
[Date "2019.10.04"]
[Round "4.1"]
[White "Lakshmi C"]
[Black "Garifullina, Leya"]
[Result "*"]
[WhiteElo "1859"]
[BlackElo "2330"]
[Annotator "NA"]
[PlyCount "26"]
[EventDate "2019.10.02"]
[EventType "swiss"]
[EventCountry "IND"]
[SourceTitle "playchess.com"]
[Source "ChessBase"]
[SourceQuality "1"]
[TimeControl "40/5400+30:1800+30"]

1. e4 e5 2. Nf3 Nc6 3. Bb5 a6 4. Ba4 Nf6 5. O-O b5 6. Bb3 Be7 7. Re1 d6 8. c3 O-O 9. h3 Nb8 10. d4 Nbd7 11. Nbd2 Bb7 12. Bc2 Re8 13. Nf1 Bf8 *

[Event "WYCC U16 Girls 2019"]
[Site "Mumbai"]
[Date "2019.10.04"]
[Round "4.2"]
[White "Nurgali, Nazerke"]
[Black "Salonika, Saina"]
[Result "*"]
[WhiteElo "2194"]
[BlackElo "2051"]
[Annotator "NA"]
[PlyCount "22"]
[EventDate "2019.10.02"]
[EventType "swiss"]
[EventCountry "IND"]
[SourceTitle "playchess.com"]
[Source "ChessBase"]
[SourceQuality "1"]
[TimeControl "40/5400+30:1800+30"]

1. d4 Nf6 2. Nf3 e6 3. a3 Nc6 4. e3 d5 5. b3 Bd7 6. Bb2 Bd6 7. Bd3 O-O 8. Nbd2 a6 9. O-O b5 10. Ne5 Rb8 11. f4 Ne7 *

[Event "WYCC U16 Girls 2019"]
[Site "Mumbai"]
[Date "2019.10.04"]
[Round "4.3"]
[White "Beydullayeva, Govhar"]
[Black "Jain Nityata"]
[Result "*"]
[WhiteElo "2289"]
[BlackElo "2029"]
[Annotator "NA"]
[PlyCount "20"]
[EventDate "2019.10.02"]
[EventType "swiss"]
[EventCountry "IND"]
[SourceTitle "playchess.com"]
[Source "ChessBase"]
[SourceQuality "1"]
[TimeControl "40/5400+30:1800+30"]

1. Nf3 Nf6 2. c4 g6 3. Nc3 d5 4. cxd5 Nxd5 5. Qb3 Nb6 6. d4 Bg7 7. Bf4 O-O 8. Rd1 Nc6 9. e3 Bg4 10. Be2 e5 *

[Event "WYCC U16 Girls 2019"]
[Site "Mumbai"]
[Date "2019.10.04"]
[Round "4.4"]
[White "Demchenko, Svitlana"]
[Black "Mahdian, Anousha"]
[Result "*"]
[WhiteElo "1953"]
[BlackElo "2103"]
[Annotator "NA"]
[PlyCount "20"]
[EventDate "2019.10.02"]
[EventType "swiss"]
[EventCountry "IND"]
[SourceTitle "playchess.com"]
[Source "ChessBase"]
[SourceQuality "1"]
[TimeControl "40/5400+30:1800+30"]

1. e4 e6 2. Nf3 d5 3. exd5 exd5 4. Ne5 Nf6 5. d4 g6 6. Bd3 Bg7 7. O-O O-O 8. Be3 Nc6 9. Qd2 Nxe5 10. dxe5 Ne4 *

[Event "WYCC U16 Girls 2019"]
[Site "Mumbai"]
[Date "2019.10.04"]
[Round "4.6"]
[White "Bristy Mukherjee"]
[Black "Mrudul Dehankar"]
[Result "*"]
[WhiteElo "1852"]
[BlackElo "2227"]
[Annotator "NA"]
[PlyCount "33"]
[EventDate "2019.10.02"]
[EventType "swiss"]
[EventCountry "IND"]
[SourceTitle "playchess.com"]
[Source "ChessBase"]
[SourceQuality "1"]
[TimeControl "40/5400+30:1800+30"]

1. e4 c5 2. Nc3 Nc6 3. f4 g6 4. Nf3 Bg7 5. Bb5 Nd4 6. O-O Nxb5 7. Nxb5 d5 8. exd5 a6 9. Nc3 Nf6 10. d4 c4 11. Ne5 Ne4 12. Nxc4 Nxc3 13. bxc3 Qc7 14. Ne5 Qxc3 15. Rb1 O-O 16. Qe2 Qc7 17. Ba3 *

[Event "WYCC U16 Girls 2019"]
[Site "Mumbai"]
[Date "2019.10.05"]
[Round "5.1"]
[White "Garifullina, Leya"]
[Black "Nurgali, Nazerke"]
[Result "1/2-1/2"]
[WhiteElo "2330"]
[BlackElo "2194"]
[Annotator "TA"]
[PlyCount "228"]
[EventDate "2019.10.02"]
[EventType "swiss"]
[EventCountry "IND"]
[SourceTitle "playchess.com"]
[Source "ChessBase"]
[SourceQuality "1"]

{[%evp 17,228,42,43,37,38,31,33,30,45,42,50,56,50,55,66,48,94,58,66,24,25,29,27,20,10,9,80,79,80,77,77,76,86,81,81,86,96,97,97,108,113,97,132,78,71,0,43,0,76,69,135,125,177,174,172,78,94,95,447,428,341,404,341,333,340,181,180,192,184,183,172,104,98,103,118,98,100,103,146,144,129,135,222,222,222,222,222,222,222,222,222,222,222,222,222,222,222,222,222,222,222,222,222,222,222,222,222,222,222,222,222,222,222,222,222,222,222,222,222,222,222,222,222,222,222,222,222,0,0,0,0,0,222,222,222,215,215,215,215,215,215,215,215,128,215,215,215,215,215,215,215,215,215,215,215,215,215,215,215,215,215,215,215,215,215,215,215,215,215,215,215,215,215,215,215,215,215,215,215,100,215,215,215,215,215,215,215,215,215,215,215,215,215,215,215,215,215,215,215,215,215,213,204,200,208,0,0,0,0,0,0,0,-7]} 1. e4 c6 2. d4 d5 3. Nc3 dxe4 4. Nxe4 Nf6 5. Nxf6+ exf6 6. c3 Bd6 7. Bd3 O-O 8. Qc2 h6 9. Ne2 Qc7 10. h3 {B15: Caro-Kann: 3 Nc3: 3...g6 and 3...dxe4 4 Nxe4 Nf6 5 Nxf6+ exf6} (10. Bd2 Be6 11. Ng3 Nd7 12. O-O Rfe8 13. f4 b5 14. b3 Nf8 15. c4 bxc4 16. bxc4 Rad8 17. c5 Be7 {½-½ (40) Asis Gargatagli,H (2538)-Iturrizaga Bonelli,E (2652) Maia 2018}) 10... Nd7 11. O-O Re8 12. Be3 {White is slightly better.} Nf8 13. c4 c5 14. d5 $146 ({Predecessor:} 14. Nc3 cxd4 15. Bxd4 Ne6 16. Be3 Bf4 17. Nd5 Qb8 {1-0 (38) Nemcova,K (2365)-Isgandarova,K (2188) Baku 2016}) 14... Bd7 15. a4 Be5 16. Rab1 Qc8 17. b3 Bd6 18. Rfe1 Ng6 19. Ng3 Nh4 $1 20. Bf1 Qc7 21. Ne4 Bf5 (21... Be5 $11) 22. Bd3 $1 $16 Bxe4 23. Bxe4 Re7 24. Bh7+ Kh8 {aiming for ...g6.} 25. Bd3 Rae8 26. Bd2 Rxe1+ 27. Rxe1 Rxe1+ 28. Bxe1 Qe7 29. Bc3 Bc7 30. Be4 (30. Qd1 $142) 30... f5 31. d6 (31. Bxf5 $16 Qg5 32. g4) 31... Qxd6 32. Bd5 Ng6 (32... Qh2+ $11 {keeps the balance.} 33. Kf1 Be5) 33. Qxf5 $40 {[%mdl 128] White attacks.} Qh2+ (33... Qf4 $1 $14 34. Qe4 Qxe4 35. Bxe4 b6) 34. Kf1 Qh1+ 35. Ke2 Nf4+ 36. Kd2 (36. Ke3 $1 $18 {and White stays clearly on top. Threatening mate with Bxg7+!} Nxd5+ 37. cxd5 Qc1+ 38. Bd2) 36... Nxd5 37. cxd5 (37. Qxd5 $6 Bf4+ 38. Ke2 Qc1 $11) 37... Bb6 $2 {[%mdl 8192]} (37... Qxg2 $16 {is tougher.} 38. Qc8+ (38. Qxf7 Bd6 $14) 38... Kh7 39. Qxc7 {[%mdl 64] Double Attack} Qxf2+ 40. Kc1 Qg1+ 41. Kb2 Qg2+ 42. Ka3 Qxd5) 38. a5 $18 (38. Qc8+ Kh7 $18) 38... Bd8 39. Qc8 ({Less strong is} 39. Qxf7 Qxg2 40. Qf5 Kg8 $16) 39... Qxg2 40. Qxd8+ Kh7 41. Qh4 (41. Qd7 $142 Qxf2+ 42. Kc1) 41... Qxd5+ 42. Kc2 $1 Qf5+ 43. Kb2 b5 44. axb6 (44. Qg3 $18 {[%csl Gc3][%cal Rg3g7]} f6 45. a6) 44... axb6 $16 45. Qg3 {[%csl Gc3][%cal Rg3g7]} f6 46. Qe3 b5 47. Bd2 c4 48. bxc4 bxc4 49. Kc3 Qc8 (49... Qd5 $16 {keeps fighting.} 50. Kb4 h5) 50. Qe4+ $18 Kh8 51. h4 ({Don't play} 51. Qxc4 $6 Qxh3+ 52. Be3 Qf3 $16) 51... Qh3+ 52. Be3 ({Much less strong is} 52. Kxc4 $6 Qf1+ 53. Kd5 Qxf2 $16) 52... Qh2 53. Qxc4 Qe5+ 54. Qd4 Qa5+ 55. Kd3 Qf5+ 56. Ke2 Qh5+ 57. Kf1 Qf3 58. Kg1 Kh7 59. Qf4 Qh3 60. Qg3 Qf5 61. Kh2 Qh5 62. Kg2 Kh8 63. Kh3 Qd5 64. Qg2 Qb5 65. Qf3 Qd7+ 66. Kg2 Qd3 67. h5 {And now Bxh6! would win.} Kh7 68. Bf4 Qf5 69. Bg3 Qc2 70. Kh3 Qb1 71. Kg4 {Hoping for Qf5+.} Qc1 72. Kf5 $2 (72. Qd3+ $18 Kh8 73. Qd5) 72... Qc8+ $11 73. Kf4 {Qe4+ is the strong threat.} Qc7+ $1 74. Kg4 $2 (74. Ke3 $11 Qd7 75. Qe4+ Kg8 76. f3) 74... Qc1 $1 $18 75. Qf5+ Kh8 76. Qg6 Qd1+ 77. f3 Qd7+ 78. Kh4 Qa4+ 79. Qe4 Qd1 80. Bf4 ({White should play} 80. Qe8+ $18 Kh7 81. Qg6+ Kh8 82. Qf5) 80... Qd7 (80... f5 $16 81. Qxf5 Qxf3) 81. Kg3 Qc8 82. Qg6 {Strongly threatening Bxh6!} Qc5 83. Kg4 Qg1+ 84. Bg3 Qd4+ 85. Kh3 Qd7+ 86. Kg2 Qd2+ 87. Bf2 $1 Qb2 88. Qg4 Qd2 89. Qc8+ Kh7 90. Qf5+ Kh8 91. Kg3 Qd6+ 92. Kh3 Qd1 93. Be3 Qf1+ 94. Kg4 Qg2+ 95. Kh4 Qh2+ 96. Qh3 $1 {[%cal Rh3h2]} Qc7 {intending ...f5.} 97. Qg2 Qe7 98. Bf4 (98. Qd2 $18 {has better winning chances.}) 98... Qe1+ (98... f5+ $16 99. Kh3 Qe8) 99. Kh3 Qd1 100. Bd2 Qb1 101. Qe2 Qa1 102. Qe8+ Kh7 103. Qe4+ Kh8 104. Be3 Qd1 105. Qe8+ Kh7 106. Kg4 Qf1 107. Qe4+ Kg8 108. Kf5 {Black must now prevent Bxh6.} Qh3+ {[#]} 109. Qg4 $1 {[%cal Rg4h3]} Qh2 {[#] White should prevent ...Qe5+.} 110. Bd4 $1 {[%cal Rd4f6] Threatens to win with Bxf6.} Qc7 111. Bxf6 $2 (111. Qh4 $18) 111... Qc8+ $1 $11 {The position is equal.} 112. Kf4 {[%csl Gf6][%cal Rg4g7]} Qc1+ $1 113. Kg3 {[%csl Gf6][%cal Rg4g7]} Qg1+ 114. Kh4 Qh2+ {Accuracy: White = 63%, Black = 62%.} 1/2-1/2

[Event "WYCC U16 Girls 2019"]
[Site "Mumbai"]
[Date "2019.10.05"]
[Round "5.2"]
[White "Mahdian, Anousha"]
[Black "Beydullayeva, Govhar"]
[Result "1-0"]
[WhiteElo "2103"]
[BlackElo "2289"]
[Annotator "TA"]
[PlyCount "99"]
[EventDate "2019.10.02"]
[EventType "swiss"]
[EventCountry "IND"]
[SourceTitle "playchess.com"]
[Source "ChessBase"]
[SourceQuality "1"]

{[%evp 15,147,8,8,8,8,10,8,16,13,11,7,5,31,27,31,22,12,0,0,6,13,8,48,18,13,5,7,8,7,0,12,0,0,0,50,50,50,50,50,50,50,50,50,50,42,42,42,42,42,50,50,50,82,67,73,76,77,65,66,72,84,87,74,75,133,131,175,172,166,157,179,171,213,226,308,300,522,497,931,904,860,845,1489,1002,995,995,951,941,2098,983,1149,1131,1503,1262,1760,1499,2530,2464,2099,1157,974,774,1511,1506,1461,1272,1391,926,2235,2195,2193,1790,3110,2364,2355,2172,1532,1381,4894,3251,5714,5538,29949,5202,29984,29985,29985,29986,29986,29987,29987,29986,29986,29985]} 1. d4 d5 2. c4 c6 3. cxd5 cxd5 4. Bf4 Nc6 5. e3 Bf5 6. Nc3 Nf6 7. Nf3 e6 8. Qb3 Bb4 9. Ne5 {Strongly threatening Nxc6. D14: Slav Defence: Exchange variation with ...Bf5} Bxc3+ 10. bxc3 Nxe5 11. Bxe5 {The position is equal.} O-O 12. Be2 (12. Rc1 Rc8 {½-½ (12) Zherebukh,Y (2631)-Nyzhnyk,I (2666) Sturbridge 2019}) 12... Rc8 13. f3 Qa5 14. Bd6 Rfd8 15. Bb4 Qc7 16. Qa3 {[#]} Nd7 $146 ({Predecessor:} 16... Ra8) 17. O-O Nb6 18. Bc5 Ra8 19. Qa5 Rdc8 20. Rac1 Nd7 21. Qxc7 Rxc7 22. Bd6 Rc6 23. Ba3 Nb6 $1 24. Bb5 Nc4 25. Bxc6 bxc6 26. Bc5 Nxe3 27. Rf2 Nc4 28. g4 Bg6 29. Re1 a5 30. Kg2 Rb8 31. Kg3 Nb2 32. Rff1 Na4 33. Bd6 Rb2 34. Rf2 Rb7 35. Ba3 h6 36. Rc1 Bd3 37. Rd2 Bc4 38. h4 Rb8 39. Kf4 f6 {[#]} (39... Bb5 $142) 40. g5 $1 $16 e5+ 41. dxe5 fxe5+ 42. Kxe5 hxg5 43. hxg5 Kf7 44. Kf5 {Hoping for g6+.} g6+ 45. Kg4 Ba6 $2 (45... c5 {was worth a try.} 46. Rh1 Ke6) 46. Rh2 $18 {Threatens to win with Rh7+.} Bc8+ (46... c5 $142 47. Rh7+ Kg8) 47. Kf4 c5 48. Rh8 Nb6 49. Rb1 d4 {[#]} 50. Rbh1 {Played: Rb1xb6} 1-0

[Event "WYCC U16 Girls 2019"]
[Site "Mumbai"]
[Date "2019.10.05"]
[Round "5.3"]
[White "Mrudul, Dehankar"]
[Black "Bommini, Mounika Akshaya"]
[Result "0-1"]
[WhiteElo "2227"]
[BlackElo "2017"]
[Annotator "TA"]
[PlyCount "53"]
[EventDate "2019.10.02"]
[EventType "swiss"]
[EventCountry "IND"]
[SourceTitle "playchess.com"]
[Source "ChessBase"]
[SourceQuality "1"]

{[%evp 10,53,0,-23,-1,-25,-21,-19,-12,-10,0,-34,-29,-57,0,-22,0,-94,-93,-87,-31,-120,-71,-65,-67,-71,-74,-104,-39,-73,-73,-198,-181,-291,-293,-281,-280,-280,-285,-276,-292,-743,-725,-745,-786,-1539]} 1. e4 e6 2. Nf3 d5 3. Nc3 Nf6 4. e5 Nfd7 5. d4 c5 6. dxc5 Nxc5 {C11: French: Classical System: 4 e5 and 4 Bg5 dxe4} (6... Nc6 7. Bf4 Nxc5 8. h4 Be7 9. h5 f5 10. Rh3 O-O 11. Nb5 Ne4 12. c3 Qb6 13. Be3 Qa5 14. Nbd4 f4 15. Bd2 Qc7 16. Nxc6 bxc6 {1-0 (61) Nepomniachtchi,I (2718)-Ding,L (2680) St Petersburg 2012}) 7. Bf4 a6 8. a3 Nc6 {The position is equal.} 9. h4 b5 10. Be2 Be7 11. Rh3 $146 ({Predecessor:} 11. g4 f6 12. exf6 Bxf6 13. g5 Bxc3+ 14. bxc3 Ne4 15. Qd3 O-O 16. Bh2 {½-½ (31) Soto Martin,M (1881)-Alonso Abad,E (2009) Tres Cantos 2017}) 11... Bb7 12. Kf1 Qc7 13. Nd4 (13. Kg1 $11) 13... Nxe5 $17 14. Re3 Ne4 (14... Ncd7 $17 15. h5 O-O) 15. Qe1 ({White should play} 15. Bd3 $15) 15... Bxh4 16. Nxe4 dxe4 17. Rc3 Qb8 18. Rc5 Bf6 (18... Qa7 $1 $17 {[%cal Ra7c5]} 19. Nxe6 fxe6 20. Rxe5 O-O) 19. Qc3 Bd5 20. Rxd5 (20. Rd1 $17) 20... exd5 $19 21. Nc6 (21. Bxe5 $142 Bxe5 22. Qc6+ Kf8 23. Rd1) 21... Ng6 $1 {[%csl LRc3,LRf4][%mdl 64] Discovered Attack} 22. Bxb8 Bxc3 23. bxc3 {[#]} Kd7 $1 {[%csl LRb8,LRc6]} 24. Ne5+ {[#]} Ke6 $1 25. Nxg6 $2 (25. Nc6 Rhxb8 26. Nxb8 Rxb8 27. a4) 25... hxg6 {[%cal Rh8h1]} (25... Rhxb8 $2 26. Nf4+ Ke5 27. g3 $19) 26. Bg4+ f5 {Hoping for ...Rh1+.} 27. Ke1 {Accuracy: White = 26%, Black = 43%.} 0-1

[Event "WYCC U16 Girls 2019"]
[Site "Mumbai"]
[Date "2019.10.05"]
[Round "5.3"]
[White "Mrudul Dehankar"]
[Black "Bommini Mounika Akshaya"]
[Result "*"]
[WhiteElo "2227"]
[BlackElo "2017"]
[Annotator "ChessBase"]
[PlyCount "29"]
[EventDate "2019.10.02"]
[EventType "swiss"]
[EventCountry "IND"]
[SourceTitle "playchess.com"]
[Source "ChessBase"]
[SourceQuality "1"]
[TimeControl "5400+30"]

1. e4 {[%emt 0:00:00]} e6 {[%emt 0:00:00]} 2. Nf3 {[%emt 0:00:04]} d5 {[%emt 0:00:03]} 3. Nc3 {[%emt 0:00:10]} Nf6 {[%emt 0:00:14]} 4. e5 {[%emt 0:00:11]} Nfd7 {[%emt 0:00:31]} 5. d4 {[%emt 0:00:10]} c5 {[%emt 0:00:19]} 6. dxc5 {[%emt 0:00:18]} Nxc5 {[%emt 0:04:01]} 7. Bf4 {[%emt 0:10:23]} a6 {[%emt 0:02:48]} 8. a3 {[%emt 0:02:00]} Nc6 {[%emt 0:07:44]} 9. h4 {[%emt 0:08:33]} b5 {[%emt 0:07:54]} 10. Be2 {[%emt 0:13:57]} Be7 {[%emt 0:07:20]} 11. Rh3 {[%emt 0:05:56]} Bb7 {[%emt 0:11:36]} 12. Kf1 {[%emt 0:08:45]} Qc7 {[%emt 0:03:39]} 13. Nd4 {[%emt 0:05:20]} Nxe5 {[%emt 0:11:58]} 14. Re3 {[%emt 0:03:20]} Ne4 {[%emt 0:07:39]} 15. Qe1 {[%emt 0:26:04]} *